[Event "Chigorin Memorial Blitz"]
[Site "St Petersburg"]
[Date "2022.10.21"]
[Round "4"]
[White "Gavrilov, Oleg"]
[Black "Tskhadadze, Anna"]
[Result "1-0"]
[WhiteElo "2356"]
[BlackElo "1948"]
[PlyCount "101"]
[EventDate "2022.10.21"]
[EventType "swiss (blitz)"]
[EventRounds "11"]
[EventCountry "RUS"]
[SourceTitle "EXT 2024"]
[Source "ChessBase"]
[SourceDate "2023.10.10"]
[SourceVersion "1"]
[SourceVersionDate "2023.10.10"]
[SourceQuality "1"]

1. c4 e6 2. Nc3 d5 3. d4 Nf6 4. e3 Be7 5. Nf3 0-0 6. b3 b6 7. Bd3 Nbd7 8. 0-0 Bb7 9. Bb2 Rc8 10. Qe2 c5 11. Rad1 Qc7 12. Rfe1 Ne4 13. Ne5 Ndf6 14. f3 Nd6 15. Kh1 Rfd8 16. Qf2 a6 17. Qg3 Nde8 18. Qh3 g6 19. Ne2 Bf8 20. Nf4 dxc4 21. Bxc4 Bd5 22. dxc5 Bxc4 23. cxb6 Qxb6 24. Rxd8 Qxd8 25. Nxc4 Bg7 26. Qg3 Qd7 27. Qf2 Qb5 28. Qe2 a5 29. Kg1 a4 30. Ne5 Qa5 31. Bd4 axb3 32. axb3 Qa3 33. Rb1 Rb8 34. Qc2 Nd6 35. Bc5 Qa6 36. Qd3 Qxd3 37. Nfxd3 Nb5 38. Nc6 Rb7 39. b4 Nc3 40. Ra1 h5 41. Ra8+ Kh7 42. Ra7 Rxa7 43. Nxa7 Nfd5 44. Kf2 Nd1+ 45. Ke2 N1c3+ 46. Kd2 Na4 47. Bd4 Bf8 48. b5 Nab6 49. e4 Nc4+ 50. Ke2 Na3 51. exd5 1-0

[Event "Chigorin Memorial 28th"]
[Site "St Petersburg"]
[Date "2021.10.25"]
[Round "3"]
[White "Tskhadadze, Anna"]
[Black "Dunaevskaya, Alisa"]
[Result "1-0"]
[WhiteElo "1916"]
[BlackElo "1584"]
[PlyCount "71"]
[EventDate "2021.10.23"]
[EventType "swiss"]
[EventRounds "9"]
[EventCountry "RUS"]
[SourceTitle "EXT 2023"]
[Source "ChessBase"]
[SourceDate "2022.10.05"]
[SourceVersion "1"]
[SourceVersionDate "2022.10.05"]
[SourceQuality "1"]

1. c4 Nf6 2. Nf3 d6 3. d4 g6 4. Nc3 Bg7 5. e4 0-0 6. h3 c5 7. Be2 a6 8. d5 Ne8 9. Bf4 f5 10. e5 dxe5 11. Bxe5 Nd6 12. Bxg7 Kxg7 13. 0-0 Nd7 14. a3 Nf6 15. b4 b6 16. Rc1 Nfe4 17. Nxe4 Nxe4 18. Bd3 Qd6 19. Re1 cxb4 20. axb4 Nf6 21. Qb3 e6 22. dxe6 Bxe6 23. Rcd1 b5 24. Qc3 Rac8 25. Bxf5 Rxc4 26. Rxd6 Rxc3 27. Bxe6 Ra3 28. Rc1 a5 29. bxa5 Rxa5 30. Rc7+ Kh8 31. Rb7 Ra1+ 32. Kh2 Rf1 33. Ne5 Ne4 34. Rdd7 Nf6 35. Rxh7+ Nxh7 36. Nxg6# 1-0

[Event "Chigorin Memorial 28th"]
[Site "St Petersburg"]
[Date "2021.10.24"]
[Round "2"]
[White "Tsoi, Dmitry"]
[Black "Tskhadadze, Anna"]
[Result "1-0"]
[WhiteElo "2359"]
[BlackElo "1916"]
[PlyCount "67"]
[EventDate "2021.10.23"]
[EventType "swiss"]
[EventRounds "9"]
[EventCountry "RUS"]
[SourceTitle "EXT 2023"]
[Source "ChessBase"]
[SourceDate "2022.10.05"]
[SourceVersion "1"]
[SourceVersionDate "2022.10.05"]
[SourceQuality "1"]

1. Nf3 d5 2. b3 Nf6 3. Bb2 e6 4. e3 Be7 5. c4 0-0 6. Nc3 c5 7. cxd5 exd5 8. d4 b6 9. Be2 Nc6 10. 0-0 Bb7 11. Rc1 Rc8 12. Qd3 Re8 13. Rfd1 Nb4 14. Qb1 Na6 15. Bb5 Rf8 16. dxc5 bxc5 17. Bc4 Nc7 18. Nxd5 Bxd5 19. Bxf6 Bxf6 20. e4 Bxe4 21. Qxe4 Qe8 22. Qf5 Qc6 23. Rd7 Rcd8 24. Ng5 Bxg5 25. Rxf7 Rxf7 26. Bxf7+ Kh8 27. Qxg5 Qd6 28. Bc4 Qd4 29. Qe3 Qd6 30. Re1 Rc8 31. Qe7 Qc6 32. Re5 Nb5 33. Rg5 Qf6 34. Rxc5 1-0

[Event "St Petersburg-ch (Women) 88th"]
[Site "St Petersburg"]
[Date "2020.09.26"]
[Round "5"]
[White "Tskhadadze, Anna"]
[Black "Petrova, Varvara"]
[Result "1-0"]
[WhiteElo "1934"]
[BlackElo "1586"]
[PlyCount "115"]
[EventDate "2020.09.22"]
[EventType "swiss"]
[EventRounds "9"]
[EventCountry "RUS"]
[SourceTitle "EXT 2021"]
[Source "ChessBase"]
[SourceDate "2020.10.23"]
[SourceVersion "1"]
[SourceVersionDate "2020.10.23"]
[SourceQuality "1"]

1. d4 Nf6 2. Bf4 e6 3. e3 c5 4. c3 d5 5. Nf3 Nc6 6. Nbd2 Be7 7. h3 0-0 8. Bd3 c4 9. Bc2 b5 10. 0-0 Bb7 11. Qe2 b4 12. Ne5 Nd7 13. Nxd7 Qxd7 14. e4 f6 15. Qh5 g6 16. Qg4 f5 17. exf5 exf5 18. Qg3 Rad8 19. Bh6 Rfe8 20. h4 Bd6 21. Qf3 Bc7 22. Bg5 Rb8 23. Rfe1 a5 24. Nf1 Qf7 25. Ne3 Ne5 26. Qh3 Nd7 27. Ba4 Re6 28. Qf3 Nb6 29. Bc2 Rbe8 30. Rec1 Qf8 31. g3 Bc6 32. Ng2 Ra8 33. Bf4 Bd6 34. Bxd6 Qxd6 35. Nf4 Re7 36. Kg2 Rae8 37. Nh3 Nd7 38. h5 Nf6 39. hxg6 hxg6 40. Nf4 Ne4 41. Bxe4 dxe4 42. Qe3 Bd5 43. Rh1 Rh7 44. Rxh7 Kxh7 45. Rh1+ Kg7 46. Kf1 Rg8 47. Rh2 Kf7 48. Nxd5 Qxd5 49. Qf4 Kf6 50. g4 bxc3 51. g5+ Ke6 52. bxc3 Qb5 53. Qc7 e3 54. fxe3 Qb1+ 55. Kf2 Qc2+ 56. Kg3 Qxc3 57. Qe5+ Kd7 58. Rh7+ 1-0

[Event "St Petersburg-ch (Women) 88th"]
[Site "St Petersburg"]
[Date "2020.09.23"]
[Round "2"]
[White "Tskhadadze, Anna"]
[Black "Karmanova, Olga Dm"]
[Result "0-1"]
[WhiteElo "1934"]
[BlackElo "1807"]
[PlyCount "74"]
[EventDate "2020.09.22"]
[EventType "swiss"]
[EventRounds "9"]
[EventCountry "RUS"]
[SourceTitle "EXT 2021"]
[Source "ChessBase"]
[SourceDate "2020.10.23"]
[SourceVersion "1"]
[SourceVersionDate "2020.10.23"]
[SourceQuality "1"]

1. d4 Nf6 2. Bf4 g6 3. e3 Bg7 4. Nf3 0-0 5. Be2 d6 6. h3 Nbd7 7. 0-0 b6 8. c3 Bb7 9. Nbd2 Ne4 10. Bh2 e5 11. dxe5 dxe5 12. Qc2 Nd6 13. Rfd1 Qe7 14. Rac1 Rfd8 15. b4 a5 16. a3 c5 17. Qb3 b5 18. c4 bxc4 19. Nxc4 Nxc4 20. Bxc4 axb4 21. axb4 cxb4 22. Bg3 Bf6 23. Bb5 Nb6 24. Rxd8+ Rxd8 25. Ne1 Bd5 26. Qb1 b3 27. e4 Qb4 28. Bd3 Be6 29. Bf1 b2 30. Rc2 Rd1 31. Qxb2 Qxe1 32. Bxe5 Qxf1+ 33. Kh2 Qh1+ 34. Kg3 Bxh3 35. f3 Bxg2 36. Bxf6 Qh3+ 37. Kf4 Qxf3+ 0-1

[Event "St Petersburg-ch (Women)"]
[Site "St Petersburg"]
[Date "2019.03.15"]
[Round "5"]
[White "Tskhadadze, Anna"]
[Black "Bodnaruk, Kseniya"]
[Result "0-1"]
[WhiteElo "1952"]
[BlackElo "1746"]
[PlyCount "84"]
[EventDate "2019.03.11"]
[EventType "swiss"]
[EventRounds "9"]
[EventCountry "RUS"]
[SourceTitle "CBM 189 Extra"]
[Source "ChessBase"]
[SourceDate "2019.06.03"]
[SourceVersion "1"]
[SourceVersionDate "2019.06.03"]
[SourceQuality "1"]

1. d4 d5 2. Bf4 Nf6 3. e3 e6 4. Nf3 c5 5. c3 Nc6 6. Bd3 Be7 7. h3 Nh5 8. Bh2 c4 9. Be2 f5 10. Nbd2 Nf6 11. b3 cxb3 12. axb3 0-0 13. 0-0 Ne4 14. Nxe4 fxe4 15. Ne5 Bd6 16. Nxc6 bxc6 17. Bxd6 Qxd6 18. b4 e5 19. b5 cxb5 20. Bxb5 Bxh3 21. gxh3 Rf3 22. Be2 Rxh3 23. Ra6 Qe7 24. Bg4 Qg5 25. dxe5 Rd8 26. Kg2 Rf3 27. Rh1 Qxg4+ 28. Kf1 Qg3 29. Qd2 Qxe5 30. Rxa7 Rdf8 31. Ra3 d4 32. cxd4 Qb5+ 33. Kg2 Rxf2+ 34. Qxf2 Rxf2+ 35. Kxf2 Qb2+ 36. Kg3 Qxa3 37. Kf4 Qe7 38. Rc1 h6 39. Rc8+ Kf7 40. Rc1 g5+ 41. Kg4 Qe6+ 42. Kg3 h5 0-1

[Event "St Petersburg-ch (Women)"]
[Site "St Petersburg"]
[Date "2019.03.14"]
[Round "4"]
[White "Chernyak, Viktoria"]
[Black "Tskhadadze, Anna"]
[Result "1-0"]
[WhiteElo "2230"]
[BlackElo "1952"]
[PlyCount "109"]
[EventDate "2019.03.11"]
[EventType "swiss"]
[EventRounds "9"]
[EventCountry "RUS"]
[SourceTitle "CBM 189 Extra"]
[Source "ChessBase"]
[SourceDate "2019.06.03"]
[SourceVersion "1"]
[SourceVersionDate "2019.06.03"]
[SourceQuality "1"]

1. c4 e6 2. Nf3 d5 3. g3 Nf6 4. Bg2 Be7 5. 0-0 0-0 6. b3 c6 7. Bb2 b6 8. e3 Bb7 9. Nc3 Nbd7 10. Qe2 c5 11. Rfd1 Rc8 12. Rac1 Qc7 13. cxd5 Nxd5 14. e4 Nb4 15. d4 Nf6 16. h3 Ba6 17. Qe3 cxd4 18. Nxd4 Bc5 19. e5 Nd7 20. a3 Nd3 21. Rxd3 Bxd3 22. Qxd3 Nxe5 23. Qe4 Bxd4 24. Qxd4 Rfd8 25. Nd5 Qxc1+ 26. Bxc1 Rxc1+ 27. Kh2 exd5 28. Qxe5 d4 29. Be4 Rcc8 30. Bd3 g6 31. h4 h5 32. Qe7 Rf8 33. Qf6 Rc7 34. Qxd4 Rfc8 35. Ba6 Re8 36. Bc4 Kh7 37. Qf6 Rf8 38. Kg2 Rb7 39. Kh3 b5 40. Bd3 a5 41. Bxg6+ fxg6 42. Qxf8 b4 43. a4 Rc7 44. Qd8 Rc3 45. Qd5 Kg7 46. Kg2 Kf6 47. Kf1 Rc1+ 48. Ke2 Rc2+ 49. Ke3 Kg7 50. Qe5+ Kh7 51. Qxa5 Rc3+ 52. Kf4 Rxb3 53. Kg5 Rf3 54. Qc7+ Kg8 55. Kxg6 1-0

[Event "St Petersburg-ch (Women)"]
[Site "St Petersburg"]
[Date "2019.03.13"]
[Round "3"]
[White "Karmanova, Olga Dm"]
[Black "Tskhadadze, Anna"]
[Result "0-1"]
[WhiteElo "1823"]
[BlackElo "1952"]
[PlyCount "96"]
[EventDate "2019.03.11"]
[EventType "swiss"]
[EventRounds "9"]
[EventCountry "RUS"]
[SourceTitle "CBM 189 Extra"]
[Source "ChessBase"]
[SourceDate "2019.06.03"]
[SourceVersion "1"]
[SourceVersionDate "2019.06.03"]
[SourceQuality "1"]

1. Nf3 d5 2. d4 e6 3. c4 Nf6 4. g3 Be7 5. Bg2 0-0 6. Qc2 c6 7. 0-0 b6 8. b3 Bb7 9. Bb2 Na6 10. Nc3 c5 11. Rfd1 Rc8 12. e4 Qc7 13. dxc5 Qxc5 14. exd5 exd5 15. Nd4 Nb4 16. Qd2 Ne4 17. Nxe4 dxe4 18. Qf4 Bd6 19. Qg4 h5 20. Qh3 Rce8 21. Qf5 Re5 22. Qd7 Bc8 23. Qxa7 Nd3 24. Bc3 Re7 25. Qa4 Bd7 26. Qa6 f5 27. b4 Qc7 28. Nb5 Qxc4 29. Qxb6 Bb8 30. a4 Bxb5 31. Bd2 Bc6 32. b5 Bd5 33. Be3 Ba7 34. Qd6 Bxe3 35. fxe3 Re6 36. Qd7 Rff6 37. a5 Rd6 38. Qe8+ Rf8 39. Qxh5 Qc5 40. Qe2 f4 41. Bf1 fxe3 42. b6 Rf2 43. Qh5 e2 44. b7 Rxf1+ 45. Kg2 Qg1+ 46. Kh3 Nf2+ 47. Kh4 Qxh2+ 48. Kg5 Qxg3+ 0-1

[Event "Chigorin Memorial 26th"]
[Site "St Petersburg"]
[Date "2018.11.01"]
[Round "6"]
[White "Tskhadadze, Anna"]
[Black "Archelkov, Arseniy"]
[Result "1/2-1/2"]
[WhiteElo "1952"]
[BlackElo "1657"]
[PlyCount "110"]
[EventDate "2018.10.27"]
[EventType "swiss"]
[EventRounds "9"]
[EventCountry "RUS"]
[SourceTitle "CBM 187 Extra"]
[Source "ChessBase"]
[SourceDate "2018.11.04"]
[SourceVersion "1"]
[SourceVersionDate "2018.11.04"]
[SourceQuality "1"]

1. d4 Nf6 2. Bf4 e6 3. e3 b6 4. Nd2 Bb7 5. Ngf3 d5 6. Bd3 Bd6 7. Ne5 0-0 8. h3 c5 9. c3 Nc6 10. Ndf3 Ne4 11. 0-0 Qc7 12. Bh2 Ne7 13. a4 f6 14. Ng4 Bxh2+ 15. Ngxh2 a6 16. Nd2 f5 17. Nhf3 Ng6 18. h4 Bc6 19. h5 Ne7 20. Ne5 Be8 21. Bxe4 dxe4 22. f3 Nd5 23. Qe1 f4 24. exf4 e3 25. Ne4 cxd4 26. cxd4 Qc2 27. Qb1 Rc8 28. Rc1 Qxc1+ 29. Qxc1 Rxc1+ 30. Rxc1 Bxa4 31. g3 e2 32. Kf2 Bd1 33. Nd3 a5 34. Rc6 Rf5 35. Ng5 Kf8 36. Nxe6+ Ke7 37. Nxg7 Rf6 38. Rxf6 Kxf6 39. h6 b5 40. g4 a4 41. g5+ Kf7 42. Nf5 b4 43. Nd6+ Kg6 44. Nc4 Bb3 45. Nce5+ Kh5 46. Kxe2 a3 47. bxa3 bxa3 48. Nc1 Ba4 49. Kd2 Nxf4 50. Nf7 Be8 51. Nd6 Bc6 52. Nc4 Ne6 53. Nxa3 Bxf3 54. Ke3 Kxg5 55. Kxf3 Nxd4+ 1/2-1/2

[Event "Chigorin Memorial 26th"]
[Site "St Petersburg"]
[Date "2018.10.27"]
[Round "1"]
[White "Salemgareev, Tagir"]
[Black "Tskhadadze, Anna"]
[Result "1/2-1/2"]
[WhiteElo "2381"]
[BlackElo "1952"]
[PlyCount "172"]
[EventDate "2018.10.27"]
[EventType "swiss"]
[EventRounds "9"]
[EventCountry "RUS"]
[SourceTitle "CBM 187 Extra"]
[Source "ChessBase"]
[SourceDate "2018.11.04"]
[SourceVersion "1"]
[SourceVersionDate "2018.11.04"]
[SourceQuality "1"]

1. d4 d5 2. c4 e6 3. Nc3 Nf6 4. cxd5 exd5 5. Bg5 Be7 6. e3 0-0 7. Bd3 Nbd7 8. Nge2 c6 9. Qc2 Re8 10. 0-0 Nf8 11. f3 g6 12. Rad1 Ne6 13. Bh4 Nh5 14. Bf2 Bd6 15. Kh1 Qc7 16. Bg1 Bd7 17. Qc1 Rac8 18. e4 Nef4 19. e5 Nxd3 20. Rxd3 Bf8 21. Be3 Ng7 22. Bg5 b5 23. h3 b4 24. Na4 c5 25. Nxc5 Bxc5 26. dxc5 Qxe5 27. Nd4 Nh5 28. Bh4 Qc7 29. c6 Bxc6 30. Nxc6 Qxc6 31. Qxc6 Rxc6 32. Rxd5 Rc2 33. g4 Ree2 34. Rf2 Rxf2 35. Bxf2 Rxf2 36. gxh5 gxh5 37. Rxh5 Rxb2 38. Ra5 Rf2 39. Rxa7 Rxf3 40. Ra4 Rxh3+ 41. Kg2 Ra3 42. Rxb4 Rxa2+ 43. Kg3 Ra6 44. Rb5 Kg7 45. Kg4 h6 46. Kh5 Ra1 47. Rb6 Rh1+ 48. Kg4 Rg1+ 49. Kh4 Rg6 50. Rb5 Re6 51. Kh5 Re2 52. Rb6 Re5+ 53. Kg4 f6 54. Rb8 Kg6 55. Rg8+ Kf7 56. Ra8 Re8 57. Ra1 Kg6 58. Kf4 Re5 59. Ra8 h5 60. Rg8+ Kf7 61. Ra8 Rb5 62. Rc8 Kg7 63. Ra8 h4 64. Kg4 Rb4+ 65. Kf5 h3 66. Ra7+ Kh6 67. Ra8 Rb5+ 68. Kg4 Rb3 69. Kf5 Rg3 70. Rh8+ Kg7 71. Rh4 Rb3 72. Kg4 Kg6 73. Rh8 Ra3 74. Kf4 Kg7 75. Rh5 Kg6 76. Rh8 f5 77. Rg8+ Kh7 78. Rg1 h2 79. Rh1 Kg6 80. Rxh2 Ra4+ 81. Kf3 Ra3+ 82. Kf4 Ra4+ 83. Kf3 Kg5 84. Rg2+ Kf6 85. Rg8 Ra3+ 86. Kf4 Ra4+ 1/2-1/2

[Event "St Petersburg Korchnoi Memorial op"]
[Site "St Petersburg"]
[Date "2018.08.17"]
[Round "3"]
[White "Tskhadadze, Anna"]
[Black "Vozmilov, Lev"]
[Result "1-0"]
[WhiteElo "1952"]
[BlackElo "1375"]
[PlyCount "59"]
[EventDate "2018.08.15"]
[EventType "swiss"]
[EventRounds "9"]
[EventCountry "RUS"]
[SourceTitle "CBM 186 Extra"]
[Source "ChessBase"]
[SourceDate "2018.08.24"]
[SourceVersion "1"]
[SourceVersionDate "2018.08.24"]
[SourceQuality "1"]

1. c4 c6 2. Nf3 Nf6 3. g3 g6 4. Bg2 Bg7 5. 0-0 0-0 6. d4 d5 7. b3 Bg4 8. Nc3 Nbd7 9. h3 Bf5 10. g4 Be4 11. Nxe4 Nxe4 12. Ng5 Nxg5 13. Bxg5 dxc4 14. bxc4 Nb6 15. c5 Nd5 16. Qb3 Qc7 17. Rad1 Rfd8 18. e3 Bf6 19. Bxf6 exf6 20. Rb1 Rab8 21. Qa3 Ra8 22. Rb3 Rd7 23. Rfb1 Qc8 24. Qb2 Rb8 25. a4 Nc7 26. Bxc6 Re7 27. Rxb7 Rxb7 28. Qxb7 Qe6 29. d5 Qe5 30. d6 1-0

[Event "St Petersburg-ch (Women)"]
[Site "St Petersburg"]
[Date "2018.03.25"]
[Round "7"]
[White "Moskaleva, Arina"]
[Black "Tskhadadze, Anna"]
[Result "0-1"]
[WhiteElo "1769"]
[BlackElo "2009"]
[PlyCount "78"]
[EventDate "2018.03.19"]
[EventType "swiss"]
[EventRounds "9"]
[EventCountry "RUS"]
[SourceTitle "CBM 183 Extra"]
[Source "ChessBase"]
[SourceDate "2018.04.19"]
[SourceVersion "1"]
[SourceVersionDate "2018.04.19"]
[SourceQuality "1"]

1. c4 e6 2. Nc3 d5 3. d4 Nf6 4. cxd5 exd5 5. Bg5 Be7 6. e3 0-0 7. Bd3 c6 8. Qc2 Nbd7 9. Nf3 Re8 10. 0-0 Nf8 11. Rab1 Ng6 12. Ne5 Qd6 13. Nxg6 hxg6 14. b4 a6 15. Na4 Bd8 16. a3 Bc7 17. Bf4 Qe7 18. Bxc7 Qxc7 19. h3 Ne4 20. Nc3 Nf6 21. a4 g5 22. Bf5 Qe7 23. Bxc8 Raxc8 24. Qf5 Nd7 25. Rfc1 g6 26. Qf3 Nb6 27. b5 axb5 28. axb5 Nc4 29. Qe2 Ra8 30. Ra1 Qb4 31. Rab1 Qd6 32. Qg4 Qe7 33. Ra1 Rxa1 34. Rxa1 Nxe3 35. Qe2 Nf5 36. Qd3 Qb4 37. Ra4 Qb2 38. Kh2 Qxf2 39. Ra1 Re3 0-1

[Event "St Petersburg-ch (Women)"]
[Site "St Petersburg"]
[Date "2018.03.22"]
[Round "4"]
[White "Tskhadadze, Anna"]
[Black "Vorobyova, Ekaterina"]
[Result "0-1"]
[WhiteElo "2009"]
[BlackElo "1713"]
[PlyCount "116"]
[EventDate "2018.03.19"]
[EventType "swiss"]
[EventRounds "9"]
[EventCountry "RUS"]
[SourceTitle "CBM 183 Extra"]
[Source "ChessBase"]
[SourceDate "2018.04.19"]
[SourceVersion "1"]
[SourceVersionDate "2018.04.19"]
[SourceQuality "1"]

1. d4 d5 2. Bf4 Nf6 3. e3 c5 4. c3 Nc6 5. Nd2 Bf5 6. Be2 e6 7. Ngf3 Bd6 8. Ne5 Qc7 9. Ndf3 0-0 10. h3 Nd7 11. Nxd7 Qxd7 12. Bxd6 Qxd6 13. 0-0 h6 14. Bd3 Bxd3 15. Qxd3 c4 16. Qe2 b5 17. a3 a5 18. e4 Rfe8 19. e5 Qe7 20. Nd2 b4 21. axb4 axb4 22. f4 bxc3 23. bxc3 Reb8 24. Qf3 Qd7 25. Rxa8 Rxa8 26. g4 Ra3 27. Qe3 Ne7 28. Rb1 Qa4 29. Rc1 Ra2 30. f5 exf5 31. e6 Qe8 32. Re1 fxg4 33. hxg4 Ng6 34. exf7+ Qxf7 35. Rb1 Ra8 36. Qg3 Qf4 37. Qxf4 Nxf4 38. Kf1 Ra2 39. Nf3 Rc2 40. Rb8+ Kh7 41. Rf8 Nd3 42. Nh4 Rxc3 43. Nf5 Rc1+ 44. Ke2 Re1+ 45. Kd2 Re4 46. Rd8 Rxg4 47. Rxd5 Nf4 48. Rc5 Ne6 49. Rd5 h5 50. Kc3 h4 51. Ne3 Rg3 52. Re5 h3 53. Kxc4 h2 54. Rh5+ Kg6 55. Nf1 Kxh5 56. Nxg3+ Kg4 57. Nh1 Nxd4 58. Kxd4 Kf3 0-1

[Event "St Petersburg-ch (Women)"]
[Site "St Petersburg"]
[Date "2018.03.21"]
[Round "3"]
[White "Kiseleva, Arina"]
[Black "Tskhadadze, Anna"]
[Result "1-0"]
[WhiteElo "2087"]
[BlackElo "2009"]
[PlyCount "129"]
[EventDate "2018.03.19"]
[EventType "swiss"]
[EventRounds "9"]
[EventCountry "RUS"]
[SourceTitle "CBM 183 Extra"]
[Source "ChessBase"]
[SourceDate "2018.04.19"]
[SourceVersion "1"]
[SourceVersionDate "2018.04.19"]
[SourceQuality "1"]

1. d4 d5 2. c4 e6 3. Nc3 Nf6 4. cxd5 exd5 5. Bg5 Be7 6. e3 0-0 7. Qc2 c6 8. Bd3 Nbd7 9. Nge2 Re8 10. 0-0 Nf8 11. f3 g6 12. Rae1 Ne6 13. Bh4 Nh5 14. Bf2 Bd6 15. g4 Nhg7 16. Kg2 Bd7 17. Bg3 Be7 18. Rh1 Rc8 19. Qd2 b5 20. Nf4 Nxf4+ 21. Bxf4 Ne6 22. Bg3 b4 23. Ne2 c5 24. Ba6 Rc6 25. Bb7 Rb6 26. Bxd5 cxd4 27. Nxd4 Nxd4 28. Qxd4 Bf6 29. Qc4 Be6 30. e4 Qe7 31. e5 Bg7 32. Bxe6 Rxe6 33. f4 Qb7+ 34. Qe4 Rc6 35. Re2 Qa6 36. b3 Rec8 37. Rhe1 Qb6 38. f5 Re8 39. Qd5 Rc5 40. Qf3 Rc3 41. Qe4 Rc6 42. h4 a5 43. h5 gxh5 44. gxh5 Qb5 45. Qg4 Kh8 46. Kh3 Rc5 47. h6 Bxh6 48. e6 Rxf5 49. Be5+ Rxe5 50. Rxe5 Qd3+ 51. Qg3 Qxg3+ 52. Kxg3 Rg8+ 53. Kf3 fxe6 54. Rxe6 Bd2 55. R1e2 Rf8+ 56. Kg2 Bc3 57. Re8 Kg7 58. R2e7+ Rf7 59. Rxf7+ Kxf7 60. Ra8 Ke6 61. Rxa5 Bd2 62. Kf3 h6 63. Ke4 Bc1 64. Ra4 Bd2 65. Kd3 1-0

[Event "St Petersburg-ch (Women)"]
[Site "St Petersburg"]
[Date "2018.03.20"]
[Round "2"]
[White "Tskhadadze, Anna"]
[Black "Titievskaya, Elizaveta"]
[Result "1/2-1/2"]
[WhiteElo "2009"]
[BlackElo "1809"]
[PlyCount "126"]
[EventDate "2018.03.19"]
[EventType "swiss"]
[EventRounds "9"]
[EventCountry "RUS"]
[SourceTitle "CBM 183 Extra"]
[Source "ChessBase"]
[SourceDate "2018.04.19"]
[SourceVersion "1"]
[SourceVersionDate "2018.04.19"]
[SourceQuality "1"]

1. d4 d5 2. Bf4 c5 3. e3 Nc6 4. c3 Nf6 5. Nd2 Bf5 6. Be2 Rc8 7. Ngf3 cxd4 8. exd4 h6 9. 0-0 e6 10. Ne5 Bd6 11. h3 Qb6 12. Nec4 dxc4 13. Nxc4 Bxf4 14. Nxb6 axb6 15. Qb3 Bc7 16. Bf3 0-0 17. Rfe1 Rfd8 18. g4 Bg6 19. h4 Nd5 20. h5 Bh7 21. Bxd5 Rxd5 22. Re3 Rg5 23. f3 Na5 24. Qd1 Bf4 25. Re2 Nc4 26. Qe1 Rd8 27. Rd1 Nd6 28. c4 Nxc4 29. Qb4 b5 30. Qe7 Rgd5 31. b3 Ne5 32. Kg2 Nd3 33. Qxb7 Bd6 34. Red2 Nf4+ 35. Kf1 Bb4 36. Rh2 Bd3+ 37. Kg1 Rxd4 38. Qb6 R4d5 39. Kh1 Be2 40. Rxd5 Bxf3+ 41. Kg1 Rxd5 42. Qb8+ Kh7 43. Qxf4 Bc5+ 44. Rf2 Rd1+ 45. Kh2 Bd6 46. Qxd6 Rxd6 47. Rxf3 Rd2+ 48. Kg3 Rxa2 49. Rxf7 e5 50. Rb7 e4 51. Kf4 Rg2 52. Rxb5 e3 53. Re5 e2 54. Re3 g6 55. Re7+ Kg8 56. hxg6 Kf8 57. Re3 Kg7 58. b4 Kxg6 59. b5 Kf6 60. Kf3 e1Q 61. Rxe1 Rb2 62. Rh1 Rxb5 63. Rxh6+ Kg7 1/2-1/2

[Event "St Petersburg-ch (Women)"]
[Site "St Petersburg"]
[Date "2018.03.19"]
[Round "1"]
[White "Balaian, Alina"]
[Black "Tskhadadze, Anna"]
[Result "1/2-1/2"]
[WhiteElo "2225"]
[BlackElo "2009"]
[PlyCount "126"]
[EventDate "2018.03.19"]
[EventType "swiss"]
[EventRounds "9"]
[EventCountry "RUS"]
[SourceTitle "CBM 183 Extra"]
[Source "ChessBase"]
[SourceDate "2018.04.19"]
[SourceVersion "1"]
[SourceVersionDate "2018.04.19"]
[SourceQuality "1"]

1. e4 e6 2. Nc3 d5 3. Nf3 dxe4 4. Nxe4 Bd7 5. d4 Bc6 6. Bd3 Nd7 7. Qe2 Ngf6 8. Neg5 Bb4+ 9. c3 Bd6 10. 0-0 0-0 11. Re1 b6 12. Bc2 h6 13. Nh3 Bxf3 14. Qxf3 c5 15. dxc5 Nxc5 16. Nf4 Rc8 17. Be3 Ncd7 18. Nh5 Nxh5 19. Qxh5 Nf6 20. Qh3 Qe7 21. Rad1 Rfd8 22. Rd3 Bb8 23. Bd4 b5 24. Rdd1 b4 25. Bb3 bxc3 26. Bxc3 Rxd1 27. Rxd1 Bf4 28. Qf3 Bg5 29. Qd3 h5 30. Bc2 g6 31. Qd4 e5 32. Qd3 e4 33. Qb5 Qc5 34. Rd8+ Kh7 35. Qxc5 Rxc5 36. Bb3 e3 37. f3 e2 38. Kf2 Ng4+ 39. fxg4 Bxd8 40. Kxe2 Rg5 41. Bxf7 Rxg4 42. Kf3 Bc7 43. g3 Rg5 44. Be6 Rb5 45. Ke4 Rb8 46. Bc4 Bb6 47. a4 Re8+ 48. Kd5 Rd8+ 49. Ke4 Re8+ 50. Kd5 Rf8 51. Be5 Rd8+ 52. Ke4 Re8 53. Kd5 Rd8+ 54. Ke4 Rc8 55. b3 Re8 56. Bb5 Rd8 57. Bd3 Rf8 58. h3 Rf2 59. h4 Rf8 60. Bc4 Re8 61. Bb5 Re7 62. Kd5 Rf7 63. Bc4 Rf8 1/2-1/2

[Event "Moscow op-B (Women) 14th"]
[Site "Moscow"]
[Date "2018.01.31"]
[Round "5"]
[White "Tskhadadze, Anna"]
[Black "Semenova, Elena"]
[Result "0-1"]
[WhiteElo "1997"]
[BlackElo "2238"]
[PlyCount "62"]
[EventDate "2018.01.27"]
[EventType "swiss"]
[EventRounds "9"]
[EventCountry "RUS"]
[SourceTitle "CBM 182 Extra"]
[Source "ChessBase"]
[SourceDate "2018.02.23"]
[SourceVersion "1"]
[SourceVersionDate "2018.02.23"]
[SourceQuality "1"]

1. d4 Nf6 2. Bf4 d5 3. e3 c5 4. c3 Nc6 5. Nd2 e6 6. Ngf3 cxd4 7. exd4 Nh5 8. Be3 Bd6 9. Ne5 g6 10. Ndf3 f6 11. Nxc6 bxc6 12. Bd3 e5 13. dxe5 fxe5 14. Qc2 0-0 15. Bh6 e4 16. Bxf8 exd3 17. Qxd3 Nf4 18. Qf1 Qe8+ 19. Kd2 Qxf8 20. Nd4 c5 21. Nb5 Bf5 22. Nxd6 Qxd6 23. f3 Nd3 24. Qe2 Nxb2 25. Kc1 Nd3+ 26. Kd2 d4 27. c4 Qa6 28. g4 Qa5+ 29. Kd1 Qa4+ 30. Kd2 Qb4+ 31. Kd1 Nb2+ 0-1

[Event "Moscow op-B (Women) 14th"]
[Site "Moscow"]
[Date "2018.01.30"]
[Round "4"]
[White "Tskhadadze, Anna"]
[Black "Pankova, Julia"]
[Result "1-0"]
[WhiteElo "1997"]
[BlackElo "1832"]
[PlyCount "85"]
[EventDate "2018.01.27"]
[EventType "swiss"]
[EventRounds "9"]
[EventCountry "RUS"]
[SourceTitle "CBM 182 Extra"]
[Source "ChessBase"]
[SourceDate "2018.02.23"]
[SourceVersion "1"]
[SourceVersionDate "2018.02.23"]
[SourceQuality "1"]

1. d4 Nf6 2. Bf4 b6 3. Nf3 e6 4. e3 Bb7 5. Nbd2 d5 6. Bd3 Bd6 7. Ne5 0-0 8. 0-0 Nbd7 9. h3 Bxe5 10. dxe5 Ne4 11. Qh5 f5 12. exf6 Ndxf6 13. Qe2 Nxd2 14. Qxd2 Qe7 15. Qc3 c5 16. Qe5 c4 17. Be2 Rae8 18. a4 Nd7 19. Qc7 e5 20. Qxb7 exf4 21. Qxd5+ Kh8 22. Bxc4 fxe3 23. fxe3 Qxe3+ 24. Kh1 Nf6 25. Qd3 Qe7 26. Qa3 Qe4 27. Bd3 Qa8 28. Qb4 Re3 29. Qh4 h6 30. Rae1 Qe8 31. Rxe3 Qxe3 32. Qf4 Qxf4 33. Rxf4 Re8 34. Bg6 Re1+ 35. Kh2 Kg8 36. Rc4 Kf8 37. Rc8+ Ke7 38. Rc7+ Kd6 39. Rxa7 Nd7 40. Bf5 Nc5 41. Rxg7 Nxa4 42. Rg6+ Kc5 43. b3 1-0